| 000 | 01316nam0a2200361 i 4500 | ||
|---|---|---|---|
| 001 | RU\NLR\bibl\2058775 | ||
| 005 | 20240921134810.0 | ||
| 010 |
_a9785353064152 _910000 |
||
| 021 |
_aRU _b2013-51510 _93570 |
||
| 035 | _a(nilc)RuMoRGB-006604621 | ||
| 035 | _a(NLR Aleph) 002045572 | ||
| 090 |
_a4616847 _c4616847 |
||
| 100 | _a20130702d2013 u y0rusy50 ca | ||
| 101 | 1 |
_arus _ceng |
|
| 102 | _aRU | ||
| 105 | _aa zzzz||||| | ||
| 200 | 1 |
_aПоезда _e[для детей до трех лет _fТернбулл Стефания _gпер. с англ. С. Э. Шафрановского] |
|
| 210 |
_aМосква _cРосмэн _d2013 |
||
| 215 |
_a47 с. _cцв. ил. _d27 |
||
| 225 | 1 | _aБольшая энциклопедия знаний | |
| 320 | _aУказ.: с. 46-47 | ||
| 606 | 1 |
_aПоезда _jЭнциклопедии для детей _91360847 _3RU\NLR\auth\66254903 |
|
| 610 | 0 | _aэнциклопедии для детей | |
| 686 |
_aШ9 _bО |
||
| 702 | 1 |
_4220 _7ca _8rus _aТернбулл _bС. _gСтефания _9163757 _3RU\NLR\AUTH\770163801 |
|
| 801 | 0 |
_aRU _bRuMoRKP _c20130702 _gRCR |
|
| 801 | 2 |
_aRU _bРГБ _c20130717 _grcr |
|
| 801 | 1 |
_aRU _bRuMoRKP _c20130702 _2rusmarc |
|
| 801 | 2 |
_aRU _bNLR _c20130801 _grcr |
|
| 942 | _cBOOK | ||
| 980 | _aNBR | ||